000 003230000a22001450004500
003 MACL
040 _aMACL
090 _c5166
_d5165
100 _aDevarajan, G
245 _aLibrary Computerisation in India
260 _bEss Ess Publications
_c1990
350 _a175
650 _aLibrary & Information
942 _cBOOK
_k020
999 _c5128
_d5128